[Event "Benidorm Next Generation U12/U14 15th"]
[Site "Benidorm"]
[Date "2019.12.01"]
[Round "6.5"]
[White "Glebov, Dmitriy"]
[Black "Martinez Rodriguez, Francisco Salvador"]
[Result "0-1"]
[WhiteElo "1156"]
[BlackElo "1633"]
[PlyCount "69"]
[EventDate "2019.11.29"]
[EventType "swiss"]
[EventRounds "6"]
[EventCountry "ESP"]
[SourceTitle "EXT 2024"]
[Source "ChessBase"]
[SourceDate "2023.10.10"]
[SourceVersion "1"]
[SourceVersionDate "2023.10.10"]
[SourceQuality "1"]

1. e4 e5 2. Nf3 Nc6 3. Bc4 Bc5 4. 0-0 Nf6 5. Nc3 d6 6. d3 h6 7. Be3 Bb6 8. Qd2 Be6 9. Bb3 Nh7 10. Ne2 0-0 11. Ng3 Bg4 12. Ne1 Na5 13. Bxb6 axb6 14. f3 Nxb3 15. cxb3 Be6 16. Nc2 f5 17. exf5 Bxf5 18. Nxf5 Rxf5 19. Ne3 Rf8 20. d4 exd4 21. Qxd4 Kh8 22. Ng4 Qg5 23. a3 Qc5 24. Qxc5 bxc5 25. Rfe1 Rae8 26. Kf2 Kg8 27. Re2 Rxe2+ 28. Kxe2 Nf6 29. Nxf6+ Rxf6 30. Kf2 Re6 31. a4 Re8 32. g4 Kf7 33. Kf1 Re3 34. Kf2 Rxb3 35. Ra2 0-1

[Event "Benidorm Next Generation U12/U14 15th"]
[Site "Benidorm"]
[Date "2019.11.30"]
[Round "2.9"]
[White "Robledo Sanchez, Saul"]
[Black "Glebov, Dmitriy"]
[Result "1-0"]
[WhiteElo "1669"]
[BlackElo "1156"]
[PlyCount "47"]
[EventDate "2019.11.29"]
[EventType "swiss"]
[EventRounds "6"]
[EventCountry "ESP"]
[SourceTitle "EXT 2024"]
[Source "ChessBase"]
[SourceDate "2023.10.10"]
[SourceVersion "1"]
[SourceVersionDate "2023.10.10"]
[SourceQuality "1"]

1. e4 e5 2. Nf3 Nc6 3. Bc4 Bc5 4. c3 Nf6 5. d4 exd4 6. cxd4 Bb4+ 7. Bd2 Bxd2+ 8. Nbxd2 0-0 9. 0-0 d5 10. exd5 Nxd5 11. Ne5 Nxd4 12. Nb3 Nxb3 13. Bxd5 Nxa1 14. Bxf7+ Kh8 15. Qh5 Qf6 16. Ng6+ Qxg6 17. Bxg6 h6 18. Rxa1 b6 19. Re1 Bd7 20. h3 a6 21. Re7 Bb5 22. Be4 Rad8 23. Qg6 Rf5 24. Qxg7# 1-0

[Event "Benidorm Next Generation U12/U14 15th"]
[Site "Benidorm"]
[Date "2019.11.29"]
[Round "1.8"]
[White "Castro Estrella, Joan Gabriel"]
[Black "Glebov, Dmitriy"]
[Result "1-0"]
[WhiteElo "1598"]
[BlackElo "1156"]
[PlyCount "63"]
[EventDate "2019.11.29"]
[EventType "swiss"]
[EventRounds "6"]
[EventCountry "ESP"]
[SourceTitle "EXT 2024"]
[Source "ChessBase"]
[SourceDate "2023.10.10"]
[SourceVersion "1"]
[SourceVersionDate "2023.10.10"]
[SourceQuality "1"]

1. b4 e5 2. a3 Nf6 3. Bb2 d6 4. e3 Nc6 5. b5 Nb8 6. Nf3 c6 7. a4 Be7 8. Be2 a6 9. Na3 0-0 10. c4 Nbd7 11. d4 exd4 12. exd4 axb5 13. axb5 Nb6 14. Qb3 Bd7 15. 0-0 Na4 16. Bc1 c5 17. Nc2 Nb6 18. Bb2 d5 19. Rxa8 Qxa8 20. dxc5 Bxc5 21. Bxf6 dxc4 22. Qc3 gxf6 23. Qxf6 Qd8 24. Qh6 Bf5 25. Ne3 Bxe3 26. fxe3 Bg6 27. Ne5 Qe7 28. Qf4 c3 29. Qd4 Na4 30. Ng4 Ra8 31. Nh6+ Kf8 32. Qh8# 1-0